[Event "RUS-Cup01 Chigorin Memorial"]
[Site "St Petersburg"]
[Date "1997.11.03"]
[Round "3"]
[White "Aseev, Konstantin N"]
[Black "Karpeshov, Oleg"]
[Result "1-0"]
[WhiteElo "2545"]
[BlackElo "2430"]
[Annotator "Aseev,K"]
[PlyCount "82"]
[EventDate "1997.11.01"]
[Source "ChessBase"]
[SourceDate "1998.01.31"]

1. e4 e6 2. d4 d5 3. Nc3 Bb4 4. e5 Ne7 5. a3 Bxc3+ 6. bxc3 c5 7. Nf3 b6 8. Bb5+
Bd7 9. Bd3 h6 10. O-O 10... c4 $146 11. Be2 11... Ba4 {  Kd7, Qg8-h7 (  c2)}
12. g3 (12. Nh4 12... g5 $6 (12... Nf5 $5 13. Nxf5 exf5 14. g4 14... Bd7 $13) (
12... Ng6 $5) 13. Nf3 {(  Ne1, f2-f4 )}) (12. Ne1 $5 {(  f4, g4, f5)}) 12...
Kd7 13. Nh4 Qg8 14. f4 Qh7 15. f5 g5 (15... exf5 16. Nxf5 Nxf5 17. Rxf5 Qxf5
18. Bg4 Bxc2 19. Qf3 Ke6 20. Ra2 $1 20... h5 21. Bxf5+ Bxf5 22. Rf2 Bg6 (22...
g6 23. h3 {  g4}) 23. Qg2 $5 23... Nd7 24. Qh3+ Ke7 25. Bg5+ $16) (15... Nbc6
16. Bg4 $16 (16. g4)) 16. fxg6 fxg6 17. Bg4 (17. Rf6 $1 $142 17... g5 (17...
Nbc6 18. Bg4 Nd8 19. Ng2 $5 (19. Ra2 $5) (19. Be3 $4 19... g5 20. Bxe6+ Nxe6
21. Qg4 21... Qg8 $19) 19... g5 20. Ra2 (20. Ne3 $5 20... h5 21. Be2 g4 22. Ra2
{  Ng2}) 20... h5 21. Be2 $16) 18. Bg4 $1 18... gxh4 19. Bxe6+ Kd8 20. Rxh6 Qg7
(20... Qxh6 21. Bxh6 Rxh6 22. Qg4 $16 (22. Bxd5 $1 {(Fritz)})) 21. Qg4 $1 21...
Rh7 (21... Qxg4 $2 22. Rxh8+) (21... Qf8 22. Qxh4 Rxh6 23. Bxh6 $18) 22. Qxh4
$1 22... Bxc2 23. Bxd5 $18) 17... Nf5 (17... g5 $4 18. Bxe6+ Kxe6 19. Qg4+) (
17... Nbc6 18. Rf6 $16) 18. Ng2 (18. Nxf5 gxf5 19. Bh5 $14) 18... Nc6 19. Nf4 (
19. Qd2 $5 $14 {(  Bb2, Rf2, Raf1)}) (19. Qe2 $5 $14 {(  Be3)}) 19... Nce7 (
19... Raf8) 20. Rf2 (20. Qe2 Raf8 21. Rf2 (21. Bb2 {(  Rae1, Bc1)} 21... h5 (
21... Ng7 22. h4 $5 (22. Nxd5 $5 22... Nxd5 23. Qxc4 Bc6 24. Qd3 {(  c4, d5)} (
24. Qa6 $2 24... g5 $1 25. Qxa7+ 25... Nc7 $19)) (22. Qg2 $5 $13) 22... h5 (
22... g5 $140 23. Nxe6 Nxe6 24. Rf6 Rxf6 25. exf6 Nf5 26. Rf1 $40) 23. Bh3 g5
24. hxg5 24... Bxc2 $13) 22. Bf3 h4 23. g4 Nxd4 (23... Ng3 $2 24. hxg3 hxg3 25.
Bc1 Qh2+ 26. Qxh2 Rxh2 27. Be3 $18 (27. Ng2 $5 {(  Rfh8 28.Ne1 +-)}) 27... Rxc2
$4 28. Bd1) 24. cxd4 Rxf4 25. Bc1 Rf7 (25... Rxd4 $2 26. Be3 Nc6 27. Qf2 Re4
28. Bxe4 dxe4 29. Bxb6 $5 $13 (29. Qd2+ $5 $16)) 26. Bg5 $44) 21... Ng7 $5 $13
(21... h5 22. Bf3 h4 23. g4 Ng7 (23... Ng3 24. hxg3 hxg3 25. Rf1 $18) 24. Nh3
$18) (21... Rf7 22. Bb2 h5 23. Bf3 (23. Bh3 $2 23... g5 $19) 23... h4 24. g4
24... Ng3 $2 (24... Nxd4 25. cxd4 Rxf4 26. Bc1 $5 (26. c3 $5 {(  Bc1)}) 26...
Rxd4 27. Be3 Nc6 28. Bxd4 Nxd4 29. Qd1 Nxf3+ (29... Nc6 30. Bxd5 $1 $40) 30.
Qxf3 $13) 25. Qe3 $1 $16 {(  Nh3-g5)})) 20... Raf8 21. Bh3 $2 21... Rf7 (21...
Ng7 $5) 22. Qd2 Rhf8 23. Bb2 Ng7 (23... h5 $142 24. Bg2 (24. Ng2 24... g5 $1
25. Qxg5 25... Nxd4 $5 $40 26. Nf4 (26. Rxf7 Qxf7 (26... Ne2+ $5) 27. cxd4 $4
27... Qf2+ 28. Kh1 28... Qf1+ $19) 26... Rxf4 $19) 24... Ng7 $1 (24... g5 $4
25. Nh3) (24... h4 $2 25. g4 Nh6 (25... Ng3 26. Nh3 $1) 26. g5 Nhf5 (26... Ng4
$2 27. Rff1 $16) 27. Bh3 $16) 25. h4 g5 26. hxg5 h4 27. gxh4 (27. g4 27... Qxc2
$5 (27... Ng6 $5) 28. Qe3 28... Qb3 $17 (28... Qh7 $2 29. Raf1 $16) 29. --
29... Rxf4 $140 30. Rxf4 Rxf4 31. Qxf4 Qxb2) 27... Qxh4 $36) 24. Raf1 $138
24... Qg8 $2 (24... g5 25. Nxd5 $8 25... Rxf2 26. Rxf2 Rxf2 27. Nf6+ (27. Qxf2
$2 27... Nxd5 28. Qf7+ Ne7 29. Bxe6+ Kd8) 27... Rxf6 28. exf6 $15) 25. Qe2 Ngf5
(25... g5 $4 26. Nxe6 $1 26... Nxe6 27. Bxe6+ Kxe6 28. Rf6+ $18) 26. Bc1 $16
26... Qh7 27. Nxe6 $2 (27. Qe1 $5) (27. Bg4 $5) 27... Kxe6 28. g4 28... Nxd4 $1
(28... Nh4 $2 29. Rf6+ Rxf6 30. exf6+ Kd7 31. Bxh6 Rf7 32. Bg5 $16 (32. Qe5 $5)
) 29. cxd4 Rxf2 30. Rxf2 Rxf2 31. Qxf2 31... g5 $8 32. c3 $2 (32. Bd2 32... Qf7
$15) (32. Qf6+ $142 32... Kd7 33. Bd2 $1 (33. e6+ Kd6 (33... Kc6 34. Bd2 a5 35.
Qf7 $142 (35. c3 35... Bd1 $5 {(  Kb5-a4)} 36. Qf7 $5 36... Qxf7 37. exf7 Ng6
38. a4 $5 38... Kd6 (38... Bxa4 39. Bc1 -- 40. Ba3) 39. Bc1 Ke6 40. Bg2 Bxg4
41. h4 Kxf7 (41... gxh4 42. Bxh6 Kxf7 43. Bxd5+ Be6 44. Be4 $15) 42. hxg5 hxg5
43. Bxd5+ (43. Bxg5 Ke6 44. Bd8 $140 44... b5 $1 45. axb5 a4 46. b6 Nf8 47. b7
Nd7 48. Bg5 a3 49. Bc1 a2 50. Bb2 Kd6 51. Kf2 51... Be6 $17 {(  Kc7-b7)}) 43...
Be6 $15) 35... Qxf7 (35... Bxc2 36. Qe8+ Kb7 37. Bg2 $1 $13 (37. Qd7+ $2 37...
Ka6 38. a4 38... Bxa4 $1 39. Qxa4 39... Qd3 $17)) 36. exf7 Ng6 37. Bg2 Bxc2 38.
h4 Kd6 39. hxg5 hxg5 40. Bxg5 $13) 34. Bd2 a5 35. Be1 Bxc2 36. Bg3+ Kc6 37. Qf8
(37. Qe5 $5) 37... Kb5 38. Qd8 $5 $132 (38. Qe8+ 38... Nc6 $17)) 33... Qe4 (
33... Qxc2 $6 34. e6+ $40) (33... Qg6 $2 34. Bb4 Qxf6 35. exf6 Ng6 36. f7 $18)
34. Bb4 Qe3+ (34... Qxd4+ $2 35. Kh1 Qd1+ (35... Qe4+ 36. Bg2 $18) 36. Bf1
36... Kc8 $8 37. Qf7 $40) 35. Kg2 35... Bxc2 $5 (35... Qe4+ 36. Kf1 $5 36...
Qh1+ 37. Kf2 Qxh2+ 38. Bg2 Qf4+ 39. Qxf4 gxf4 40. Bxe7 Kxe7 41. Bxd5 $16) (
35... Qe2+ 36. Kh1) 36. Qxe7+ Kc6 37. Qe6+ Kb5 38. Qd7+ (38. Qxd5+ $4 38... Ka4
$19) 38... Ka6 39. Qc8+ $11) 32... Qd3 $2 (32... Qf7 $15) (32... Qb1 $1 $17
$142) 33. Bf1 33... Qxc3 $6 (33... Qd1 34. Qf6+ Kd7 35. Qd6+ Ke8 36. Be3 $8 (
36. e6 $2 36... Qxg4+ (36... Nc8 $19) 37. Bg2 Nc8 (37... Kf8 38. Qe5 $5) 38.
Qxd5 Qd1+ 39. Bf1 (39. Kf2 Qxc1 40. Qxc4 Qc2+ 41. Kg3 41... Ne7 $19) 39... Qxc1
40. Qxc4 Qe3+ 41. Kh1 41... Qe4+ $19 42. Kg1 (42. Bg2 Qe1+ 43. Bf1 43... Kd8 $5
$19) 42... Qc6 (42... Bc6)) 36... Qxg4+ 37. Bg2 $132 {(  Qh6,   e6)} (37. Kf2
37... Qh4+ $1 38. Kg1 38... Bd7 $17)) 34. Bd2 Qxa3 (34... Qb2 35. Qf6+ Kd7 36.
e6+ (36. Qd6+ Ke8 37. Be3) 36... Kc6 37. Bb4 Ng8 38. Qg7 $40 38... -- 39. Qd7#
$140) 35. Qf6+ Kd7 36. Qxh6 36... Qb2 $2 (36... Qf3 $132) 37. Be3 $16 37... Bc2
$4 38. Qd6+ Ke8 39. e6 $18 39... Ba4 40. Qb8+ Nc8 41. Qxc8+ Ke7 1-0

[Event "RUS-Cup01 Chigorin Memorial"]
[Site "St Petersburg"]
[Date "1997.11.07"]
[Round "7"]
[White "Sakaev, Konstantin"]
[Black "Rustemov, Alexander"]
[Result "1-0"]
[WhiteElo "2590"]
[BlackElo "2535"]
[Annotator "Atlas,V"]
[PlyCount "115"]
[EventDate "1997.11.01"]
[Source "ChessBase"]
[SourceDate "1998.01.31"]

1. e4 1... e6 2. d4 d5 3. Nc3 Bb4 4. e5 Ne7 5. a3 Bxc3+ 6. bxc3 c5 7. Qg4 O-O
8. Bd3 Qa5 9. Bd2 f5 10. exf6 Rxf6 11. Qh5 Nf5 12. dxc5 (12. Nf3 {
is the main alternative:} 12... Nc6 (12... c4 13. Bxf5 Rxf5 14. Ng5 h6 15. h4
Nd7 16. g4 Rf6 17. Ne4 Rf8 18. Nd6 Nf6 19. Qg6 Ne4 20. Nxe4 dxe4 21. g5 hxg5
22. hxg5 Qf5 23. Qxf5 Rxf5 24. Rh4 Bd7 25. Rxe4 Kf7 26. Rh4 Bc6 27. Bf4 27...
Kg6 $11 { -  Mnatsakanian,E-Zontakh,A/Budapest Spring op 1991 (35)}) 13. O-O c4
14. Be2 Nd6 15. Qh4 Bd7 16. Ne5 Nxe5 17. dxe5 Nf5 18. Qh3 Rf7 19. Rfb1 Qc7 20.
Re1 Ba4 21. Ra2 Qb6 22. Bg4 Re8 23. Bxf5 Rxf5 24. Be3 Rxe5 25. f4 Rxe3 26. Qxe3
Qxe3+ 27. Rxe3 Kf7 28. Re2 28... Rd8 $44 {
-  Nguyen Anh Dung-Andrienko,A/Budapest FS10 GM 1994 (52)}) 12... Nd7 (12... g6
{is an important option in this position. White suffered a terrible debacle
after} 13. Qg5 $6 (13. Qh3) 13... Nd7 14. Bxf5 $6 {
A wrong decision, yielding Black dangerous initiative.} 14... Rxf5 15. Qe7 (15.
Qg3 $142) 15... Qxc5 16. Qxe6+ $2 ({The decisive mistake. Essential was} 16.
Qxc5) 16... Rf7 {Now White is lost.} 17. Nf3 Nf6 18. Qe2 Re7 19. Ne5 Bg4 20. f3
Rae8 21. Bf4 Qxc3+ 22. Kf2 22... Ne4+ $1 {
0-1 Filipenko,A-Kosikov,A/Smolensk op 1991/EXT 91op}) 13. g4 g6 14. Qh3 Ne7 15.
Nf3 Qxc5 (15... e5 {deserves now attention. White might respond by} 16. c4
16... Qxc5 $2 $140 17. Bb4 $18 {, with sharp and unclear play.}) 16. Ng5 $1 {
An excellent resource. White incites  16...Qf2+ 17. Kd1, and Black isdefenceles
s against the threats Qh7+, since 17...Nf8 loses in view of 18. Rf1.} 16... Nf8
17. f4 $1 {Preventing the advancement e6-e5.} 17... Nc6 (17... Bd7 {
, with the idea Ne7-c8-d6 was here an interesting alternative.}) 18. Qg3 Bd7
19. Kd1 $1 {Another impressive move. Now the white king is in security and
White obtains the e-file to the h1 rook.} 19... Re8 20. Re1 Na5 21. Nf3 Ba4 22.
g5 Rf7 23. Ne5 Rg7 ({An exchange sacrifice} 23... Nc4 $5 {
deserved now serious attention.}) 24. Ng4 Rc8 25. Qe3 $1 {
Forcing a better ending.} 25... Qxe3 (25... Qc7 26. Qe5 (26. Qd4 $16 { })) 26.
Bxe3 26... Nc6 {Preventing Bd4.} (26... Rxc3 {fails to} 27. Kd2 (27. Bd4 $4 {
loses after} 27... Rxd3+) 27... Rc8 28. Bd4 {
, winning the exchange, since the g7 rook cannot move in view of Ng4-h6#.}) 27.
Rb1 27... Rgc7 $6 {This move aggravates Black's position. Better was 27...b6,
preventing the efficient bishop 's thrust, which yielded White a huge
advantage after the text move.} 28. Bc5 $1 {Threatening 29. Bd6, after which
29...Rd7 loses in view of 30. Nf6+, whilst 29...Rf7 fails to 30.Nh6+.} 28...
Kf7 29. Nh6+ Ke8 30. Bd6 Rd7 31. Bxf8 {
Winning the pawn and retaining the attacking prospects.} 31... Kxf8 32. Rxe6
Nd8 33. Rf6+ Kg7 34. Kd2 d4 35. c4 Rc6 36. Ng4 {Black is clearly lost.} 36...
Rxf6 37. Nxf6 Re7 38. Nd5 Re6 39. h4 Bc6 40. Rf1 Bxd5 41. cxd5 Re3 42. f5 {
The simplest. The rest needs no comment.} 42... gxf5 43. Rxf5 Rh3 44. Rf4 Rh2+
45. Kc1 Nf7 46. Rxd4 Nd6 47. Rf4 b6 48. Kb2 Rh3 49. Kc3 Nb5+ 50. Kc4 Nd6+ 51.
Kd4 Nb7 52. Ke5 Re3+ 53. Re4 Rf3 54. d6 Nc5 55. Rf4 Re3+ 56. Kd5 Re8 57. Rf6
Re3 58. Bf5 1-0

[Event "Asker 75th"]
[Site "Asker"]
[Date "1997.11.27"]
[Round "6"]
[White "Djurhuus, Rune"]
[Black "Johannessen, Leif Erlend"]
[Result "1-0"]
[WhiteElo "2525"]
[BlackElo "2330"]
[Annotator "Atlas,V"]
[PlyCount "111"]
[EventDate "1997.11.22"]
[Source "ChessBase"]
[SourceDate "1998.01.31"]

1. e4 e6 2. d4 d5 3. Nc3 Bb4 4. e5 c5 5. a3 Bxc3+ 6. bxc3 Qc7 7. Qg4 7... f6 $6
{A rare and as it seems, not the strongest continuation.  The standard moves
here are 7...f5 and 7...Ne7.} 8. Nf3 c4 9. Qg3 (9. Be2 Qf7 (9... Nc6 10. Qg3
Qf7 11. O-O Bd7 12. a4 b6 13. Ba3 Nge7 14. Rfb1 Nf5 15. Qh3 h5 16. exf6 gxf6
17. Nh4 Nxh4 18. Qxh4 O-O-O 19. Qf4 Qg7 20. Bf1 h4 21. a5 e5 22. dxe5 fxe5 23.
Qe3 Nxa5 24. Bd6 {Mitkov,N-Schoonmaker,N/US-op 1997/EXP 58/1-0 (37)}) 10. Qh4
Ne7 11. exf6 gxf6 12. g4 h6 13. Rg1 Nbc6 14. Qg3 Bd7 15. Qc7 b6 16. h4 e5 17.
dxe5 fxe5 18. Nxe5 Nxe5 19. Qxe5 O-O-O 20. Bf4 Kb7 21. O-O-O Ba4 22. Qc7+ Ka6
23. Be3 23... Rd7 {1-0 Tseshkovsky,V-Yermolinsky,A/Tashkent 1987/EXT 87}) (9.
Bf4 Qf7 10. h4 Qg6 11. Qxg6+ hxg6 12. g4 g5 13. Bg3 gxh4 14. Rxh4 Rxh4 15. Nxh4
Nc6 16. f4 Bd7 17. Be2 fxe5 18. dxe5 Nge7 19. O-O-O Kf7 20. Rf1 $14 {
-  Gabrielsen,S-Johannessen,L/NOR-chJ 1996/EXT 97 (47)}) 9... Qf7 10. h4 h5 (
10... Qg6 $5 {was worth considering here:} 11. h5 (11. Qxg6+ 11... hxg6 $132)
11... Qxc2 (11... Qxg3 12. fxg3 { h6}) 12. Nd2 (12. Qxg7 $2 12... Qxc3+ 13. Kd1
13... Bd7 $1 { 14...Ba4+ 15.Ke2 Qd3+, followed by 16...Qd1#.}) 12... Kf7 $13)
11. a4 (11. Be2 Bd7 12. a4 Ne7 13. O-O Nf5 14. Qh2 Nc6 15. Ba3 O-O-O 16. Rfb1
Rdg8 17. a5 a6 18. Bc5 Nfe7 19. exf6 gxf6 20. Bb6 e5 21. dxe5 Nf5 22. exf6 Be8
23. Rd1 {1-0 Fogarasi,T-Vincze,I/Kobanya op 1992/TD 92\11}) 11... Nc6 12. Ba3
Bd7 13. Qf4 O-O-O 14. g3 14... Nge7 $6 ({
Allows White to obtain a durable positional advantage. Stronger was} 14... Qg6)
15. exf6 gxf6 16. Ne5 $1 16... Qh7 ({Also} 16... Nxe5 17. dxe5 {
is in White's favor.}) 17. Nxd7 Rxd7 18. Bh3 f5 ({After} 18... Qxc2 {
White obtains an advantage by} 19. Rc1 Qxa4 20. Qxf6 Rhd8 21. Bxe7 Rxe7 22.
Bxe6+ Kb8 23. O-O) 19. O-O Rg8 20. Kh2 Rg6 21. Rae1 Ng8 22. Re2 {White has a
better position. Among the most important factors, determining his advantage
one can mention: active position of all his pieces, full control over the dark
squares, chronical weakness of the e6 pawn, good chances to use the diagonal
c8-h3.} 22... Qh6 $6 (22... Nf6 {is clearly bad in view of} 23. Rxe6 Ng4+ 24.
Bxg4 Rxe6 25. Bxf5 $18) (22... Nh6 {was a better choice.}) 23. Bc1 $1 {
Stressing on White's domination over the dark squares.} 23... Qf8 24. Rfe1 Nd8
25. Qf3 $1 {Opening the way to the dark-squared bishop.} 25... Nf6 26. Bg5 Ng4+
27. Kg2 Qd6 28. Qf4 $1 28... Nf6 $2 ({This voluntary knight retreat allows a
thematic combination, which yields White a winning poisition. The motive of
the combination is the weakness of the c8-h3 diagonal.} 28... Kc7 {
was more persistent:} 29. f3 (29. Qxd6+ Kxd6 (29... Rxd6 $2 30. Bf4 $18)) (29.
Bxd8+ Kxd8 (29... Rxd8 30. Rxe6 Qxf4 31. Re7+ (31. gxf4 Ne3+) 31... Kd6 32.
gxf4 Ne3+ 33. Kf3 Kxe7 34. Rxe3+ $14) 30. Qxd6 Rxd6 31. f3 31... Nh6 $132)
29... Qxf4 30. Bxf4+ Kc6 31. Kf1 31... Nh6 $14 {/ }) 29. Rxe6 $1 {This thematic
sacrifice, destroying the pawn bastion e6-f5, makes the h3-bishop the key
figure of the following events.} 29... Nxe6 30. Qxd6 Rxd6 31. Bxf5 Rxg5 32.
hxg5 32... Ne4 {The only move. All other conintuations lose immediately.} 33.
Rxe4 $1 {The decisive sacrifice.} 33... dxe4 34. d5 Kd8 35. Bxe6 Ke7 36. Kf1 a5
({Black tries to create the passed pawn on a-file, but the White king is just
in time.} 36... Ra6 {falls short after} 37. Ke2 Rxa4 38. Ke3 Ra2 39. Kxe4 Rxc2
40. f4 Rxc3 41. f5 Rxg3 42. f6+) 37. Ke2 b5 38. axb5 a4 39. Kd2 a3 40. Kc1 Rb6
41. g6 Kf6 ({After} 41... Rxb5 42. g7 a2 43. g8=Q a1=Q+ 44. Kd2 {Black is entir
ely lost. But after the text move the White bishop gains access to the key
c6-square.}) 42. Bd7 Kxg6 43. Bc6 Kf5 44. d6 Kg4 45. d7 Rb8 46. Bxe4 a2 47. Kb2
Rxb5+ 48. Kxa2 Rb8 49. Ka3 Kg5 50. Bf3 $1 {
Aiming at the h5 pawn and preventing the black king march to e7.} 50... h4 51.
gxh4+ 51... Kxh4 {Now the black king is maxinally distanced from the d7 pawn,
and White undertakes the decisive operation.} 52. Bb7 $1 {
Threatening 53.Bc8 and opening the way to the center for the white king.} 52...
Rf8 53. Kb4 Kg5 54. Kc5 Kf6 55. Kd6 {
Black king does not get to d8. Black is entirely lost.} 55... Rh8 56. Bd5 1-0

[Event "Elgoibar 07th"]
[Site "Elgoibar"]
[Date "1997.11.28"]
[Round "3"]
[White "Romero Holmes, Alfonso"]
[Black "Matamoros Franco, Carlos S"]
[Result "0-1"]
[WhiteElo "2465"]
[BlackElo "2470"]
[Annotator "Finkel,A"]
[PlyCount "50"]
[EventDate "1997.11.26"]
[Source "ChessBase"]
[SourceDate "1998.03.26"]

1. e4 {Petursson} 1... e6 2. d4 d5 3. Nc3 Bb4 4. a3 {Variation quiet rarely
seen in modern chess and,as shows this game for a good reason!} 4... Bxc3+ 5.
bxc3 dxe4 6. Qg4 Nf6 7. Qxg7 Rg8 8. Qh6 Nbd7 9. Ne2 b6 10. Bg5 Qe7 (10... Bb7
11. Nf4 $6 11... Qe7 12. Bb5 $5 12... c6 13. Be2 O-O-O 14. Qh4 14... h6 $1 15.
Bxf6 Qxf6 16. Qxf6 Nxf6 17. O-O 17... Rg5 $36 {
Damasco,R-Nyberg,C/Novi Sad olw  ITA-SVE 1990 (42)}) 11. Qh4 (11. a4 $5 11...
Bb7 12. Ng3 O-O-O 13. Be2 e5 14. O-O (14. Nf5 $2 14... Qe6 15. Ng7 Qc6) 14...
Rg6 15. Qh4 Rdg8 16. Be3 16... Qe6 $15 {
Zagorovsky,W-Kahn,M/corr PL Swinarski mem 1983 (42)}) 11... Bb7 12. Ng3 $6 ({
Deserved attention} 12. Nf4 12... h6 $5 13. Qxh6 O-O-O 14. Qh4 e3 15. f3 (15.
fxe3 $6 15... e5 $1 16. Nh5 exd4 17. cxd4 17... Rxg5 $1 18. Qxg5 18... Rg8 $40)
15... Rh8 16. Nh5 Qd6 17. Bxf6 Nxf6 18. Qxf6 18... Rxh5 $132 {
with complicated position;Estevez,G-Vilela,J/Capablanca mem-B 1991 (31)}) 12...
h6 13. Bd2 13... Rg4 $1 $36 {This strong and logical move exposes the
disadvantages of white's position:delay in development,invalid pawns structure,
lack of coordination between white pieces.} (13... O-O-O $6 14. Be2 14... Nf8
$6 (14... Qd6 15. Qxh6 Rh8 16. Qf4 (16. Qe3 16... Rdg8 $44) 16... e3 17. Bxe3
Bxg2 18. Qxd6 cxd6 19. Rg1 {  Krasenkov,M-Stewart,J/Moskva 1990} (19. Rg1 Rxh2
20. Nf1 Bxf1 21. Bxf1 $14 {Krasenkov,M})) 15. O-O (15. Nh5 $1 $14) 15... Ng6
16. Qxh6 Rh8 17. Qg5 Rdg8 18. f3 18... e3 $1 $36 {
Fischer,R-Kovacevic,V/Rovinj/Zagreb 1970 (30)}) 14. Qxh6 (14. Qh3 $6 {
can't be serious alternative.}) 14... O-O-O 15. c4 $6 {After this move white
faces serious difficulties,while white still had the oppurtunity to keep the
balance:} (15. Bg5 $1 15... Rg8 16. Bh4 $1 (16. Bxf6 Nxf6 17. Be2 R4g6 18. Qe3
Nd5 19. Qd2 19... f5 $1 $36) 16... R8g6 17. Qh8+ Rg8 18. Qh6 $11) 15... Ng8 $5
16. Qe3 f5 17. Nh5 $1 (17. f3 $2 17... exf3 18. gxf3 18... f4 $19) 17... e5 18.
dxe5 Nxe5 19. O-O-O $4 {
Missing nice reply of black,which destroys white's position.} (19. Nf4 $5 $132)
19... Nd3+ $1 $19 20. cxd3 Qxa3+ 21. Kc2 (21. Kb1 {Petursson} 21... Qb3+ 22.
Kc1 22... exd3 $19) 21... exd3+ 22. Bxd3 Qa2+ (22... Rxd3 $4 {Petursson} 23.
Qe8+ Rd8 24. Qxd8+ Kxd8 25. Bb4+ $18) 23. Kc3 (23. Kc1 Rxd3 24. Qxd3 (24. Qe8+
{Petursson} 24... Rd8 25. Qe6+ Kb8 26. Bc3 26... Rc8 $19) 24... Be4 $19) 23...
Rxd3+ $1 24. Qxd3 (24. Kxd3 Qxc4#) 24... Qa3+ 25. Kc2 Be4 0-1